| 000 | 00683nam a22002537a 4500 | ||
|---|---|---|---|
| 001 | 7670 | ||
| 003 | FISKH | ||
| 005 | 20250730150824.0 | ||
| 008 | 250730b cb ||||| |||| 00| 0 eng d | ||
| 020 | _a9788183854382 | ||
| 040 |
_aFISKH _beng _cFISKH _dFISKH |
||
| 050 | _aPZ7 | ||
| 082 | _a500 | ||
| 100 | _aBarua, Arpita | ||
| 245 |
_aScience experiments with magnet / _cWritten by Arpita Barua |
||
| 260 |
_aNoida : _bHello friend , _c2007. |
||
| 300 |
_a24 pages : _bcolor illustrations ; _c28 cm . |
||
| 505 | _aK | ||
| 521 | 8 |
_a510
_bLexile estimate |
|
| 521 | 8 |
_aK
_bRaz-Plus |
|
| 700 |
_aChandoo _eIllustrator |
||
| 942 |
_2ddc _cBK _n0 |
||
| 999 |
_c7670 _d7670 |
||